| 000 | 02706cam a2200361 i 4500 | ||
|---|---|---|---|
| 001 | 768714001 | ||
| 003 | CO-MdFUSB | ||
| 005 | 20220720062538.0 | ||
| 007 | ta | ||
| 008 | 070920t20092009enk b 001 0 eng | ||
| 020 | _a0567031462 | ||
| 040 |
_aUKM _beng _cCO-MdFUSB _dBTCTA _dBAKER _dYDXCP _dBWKUK _dBWK _dBWX _dVP@ _dLML _dOrLoB-B _erda |
||
| 041 | _aeng | ||
| 082 |
_223 _a230.01 _bR286 |
||
| 245 | 0 | 2 |
_aA reader in contemporary philosophical theology / _ceditado con una introducción por Oliver D. Crisp. |
| 246 | 3 | 0 | _aContemporary philosophical theology. |
| 264 | 1 |
_aLondon ; _aNew York : _bT & T Clark, _c[2009] |
|
| 264 | 4 | _c©2009. | |
| 300 |
_a379 páginas ; _c24 cm. |
||
| 336 |
_atexto _btxt _2rdacontent. |
||
| 337 |
_asin mediación _bn _2rdamedia. |
||
| 338 |
_avolumen _bnc _2rdacarrier. |
||
| 504 | _aIncluye referencias bibliográficas e indice. | ||
| 505 | _aLas travesuras de Sheehan: cómo la teología se convierte en tontería / Alvin Platinga -- La Biblia es verdadera / Stephen T. Davis -- Palabras verdaderas / Nicholas Wolterstorff -- Infalibilidad / Paul Helm -- Trinidad social y triteísmo / Cornelius Platinga, Jr. -- Un Trinidad / Brian Leftow -- Tres personas en un solo ser : intentos de mostrar que la doctrina de la Trinidad es autocontradictoria / Peter van Inwagen -- La encarnación : un caso filosófico para la kenosis / Peter Forrest -- La metafísica de Tomás de Aquino de la Encarnación / Eleonore Stump -- Las posibilidades de la Encarnación : algunas sugerencias molinistas radicales / Thomas P. Flint -- La racionalidad y la revelación cristiana / Thomas V. Morris -- Pecado original : un estudio sobre la interacción de la filosofía y la teología / Robert Merrihew Adams -- Los pecados como inmundicia / Marilyn McCord Adams -- Pecaminosidad inocente, pecado culpable : pecado original y justicia divina / Keith D. Wyma -- No sustitución penal / Oliver D. Crisp -- ¿Creemos en la sustitución penal? / David Lewis -- Abelardo sobre la expiación: "nada inteligible, arbitrario, ilógico o inmoral al respecto" / Philip L. Quinn -- El esquema cristiano de salvación / Richard Swinburne. | ||
| 520 | _aLa renovación de la teología filosófica (por ejemplo, en las obras de Plantinga, Wolterstorff, Alston, Flew, MacIntyre y Adams) interesa tanto a los teólogos como a los filósofos. Este libro de texto sobre el tema fomenta este interés interdisciplinario y hace que el campo sea accesible a un público más amplio. | ||
| 563 | _aRústico | ||
| 650 | 0 |
_aTeología postmoderna _96805 _xFilosofía. |
|
| 650 | 7 |
_aFilosofía _2 _97168 |
|
| 700 | 1 |
_aCrisp, Oliver. _eeditor |
|
| 942 | _cBK | ||
| 945 | _aJTF-925 | ||
| 999 |
_c67531 _d67531 |
||